00693 a2200169 4500003000500000005001700005040000900022082001000031100003700041245009200078260003700170300001500207505024500222538002900467650001500496651001200511Nust20170207153536.0 cNust a005.1 aIqbal, Muhammad Atif (MSCS-13) aA New Requirement Prioitization mode For Market Driven ProductscMuhammad Atif Iqbal  bMCS,NUSTcMarch 2010aRawalpindi axii,69:P.; aIntroduction (page-1) Background and related work (page-50 Methodology and implementation (page-10) Model validation plan (page-23) Evaluation of validity process (page-27) Validation results (page-34) Conclusions and future work (page-51)  aAlmirah No 69 Shelf No 4 aPG Thesis aMSCS-13